书目信息 |
| 题名: |
男人的游刃力
|
|
| 作者: | 克莱因汉茨 著 ;胡伟珊 译 | |
| 分册: | ||
| 出版信息: | 北京 现代出版社 2016 |
|
| 页数: | 226页 | |
| 开本: | 23cm | |
| 丛书名: | ||
| 单 册: | ||
| 中图分类: | B825.1 | |
| 科图分类: | ||
| 主题词: | 修养--xiu yang--男性读物 | |
| 电子资源: | ||
| ISBN: | 978-7-5143-4555-1 | |
| 000 | 01131nam0 22002771 450 | |
| 001 | 0124140049 | |
| 005 | 20170324140049.0 | |
| 010 | @a978-7-5143-4555-1@dCNY39.00 | |
| 100 | @a20160415d2016 em y0chiy50 ea | |
| 101 | 1 | @achi@cger |
| 102 | @aCN@b110000 | |
| 105 | @aa z 000yy | |
| 106 | @ar | |
| 200 | 1 | @a男人的游刃力@9nan ren de you ren li@dDer mann im weiblichen jahrhundert@e如何轻松驾驭事业和生活?@f(德)苏珊娜·克莱因汉茨著@g胡伟珊译@zger |
| 210 | @a北京@c现代出版社@d2016 | |
| 215 | @a226页@c图@d23cm | |
| 305 | @a由北京文化传媒有限公司授权出版 | |
| 330 | @a本书分为6章,包括“亚当的后人:在强、弱女人之间的男人”;“步入女性世界:男人还是人”;“寻找男性的榜样:希腊神话中的英雄”;“男人和女人之间的相遇:男女关系的神话”等内容。 | |
| 510 | 1 | @aMann im weiblichen jahrhundert@zger |
| 517 | 1 | @a如何轻松驾驭事业和生活@9ru he qing song jia yu shi ye he sheng huo |
| 606 | 0 | @a修养@9xiu yang@j男性读物 |
| 690 | @aB825.1@v5 | |
| 701 | 0 | @c(德)@a克莱因汉茨@9ke lai yin han ci@c(女)@4著 |
| 702 | 0 | @a胡伟珊@9hu wei shan@f(1944~)@4译 |
| 801 | 0 | @aCN@bTANGWEI@c20170308 |
| 905 | @b0961202-4@dB825.1@e660@f3 | |
| 男人的游刃力=Der mann im weiblichen jahrhundert:如何轻松驾驭事业和生活?/(德)苏珊娜·克莱因汉茨著/胡伟珊译.-北京:现代出版社,2016 |
| 226页:图;23cm |
| ISBN 978-7-5143-4555-1:CNY39.00 |
| 本书分为6章,包括“亚当的后人:在强、弱女人之间的男人”;“步入女性世界:男人还是人”;“寻找男性的榜样:希腊神话中的英雄”;“男人和女人之间的相遇:男女关系的神话”等内容。 |
| ● |
| 相关链接 |
|
|
|
|
正题名:男人的游刃力
索取号:B825.1/660
 
预约/预借
| 序号 | 登录号 | 条形码 | 馆藏地/架位号 | 状态 | 备注 |
| 1 | 0961202 | 209612025 | 第一样本阅览室/ [索取号:B825.1/660] | 在馆 | |
| 2 | 0961203 | 209612034 | 第一借阅区/ [索取号:B825.1/660] | 在馆 | |
| 3 | 0961204 | 209612043 | 第一借阅区/ [索取号:B825.1/660] | 在馆 |